[Event "GBR-ch106 Senior Over 50"]
[Site "Torquay"]
[Date "2019.08.03"]
[Round "6.3"]
[White "Brooks, Phil J"]
[Black "Granat, Russell G"]
[Result "1-0"]
[WhiteElo "2193"]
[BlackElo "2219"]
[PlyCount "107"]
[EventDate "2019.07.29"]
[EventType "swiss"]
[EventRounds "7"]
[EventCountry "GBR"]

1. d4 d5 2. c4 e6 3. Nc3 Bb4 4. e3 Nf6 5. cxd5 Qxd5 6. Bd2 Bxc3 7. bxc3 Ne4 8.
Nf3 Nd7 9. Bd3 Nxd2 10. Qxd2 O-O 11. Qc2 h6 12. Rb1 c6 13. O-O b6 14. e4 Qh5
15. e5 Bb7 16. Be4 f5 17. exf6 Rxf6 18. Rbe1 Kh8 19. Re3 Raf8 20. Qa4 a6 21.
Qb3 e5 22. Nxe5 Nxe5 23. dxe5 Qxe5 24. Qxb6 Bc8 25. Qd4 Qa5 26. Bb1 Qa3 27. Qb4
Rxf2 28. Bd3 Rxf1+ 29. Bxf1 Qxb4 30. cxb4 g6 31. Re7 Rd8 32. Rc7 Bf5 33. Rxc6
Rd1 34. Rc3 Rb1 35. a3 Kg7 36. Kf2 Rb2+ 37. Kf3 h5 38. Bxa6 Bg4+ 39. Kg3 Be6
40. Bb7 g5 41. h3 h4+ 42. Kh2 Kf6 43. Bf3 Bd7 44. Rc5 Rb3 45. Ra5 Rb2 46. Kg1
Bf5 47. b5 Ke5 48. Kh2 Bd7 49. b6+ Kf4 50. b7 g4 51. hxg4 h3 52. Kxh3 Rb6 53.
Kh2 Rh6+ 54. Rh5 1-0

[Event "GBR-ch106 Senior Over 50"]
[Site "Torquay"]
[Date "2019.08.03"]
[Round "6.4"]
[White "Townsend, M Paul"]
[Black "Wells, Jonathan C"]
[Result "1-0"]
[WhiteElo "2233"]
[BlackElo "2004"]
[PlyCount "39"]
[EventDate "2019.07.29"]
[EventType "swiss"]
[EventRounds "7"]
[EventCountry "GBR"]

1. d4 Nf6 2. c4 g6 3. Nc3 d5 4. Nf3 Bg7 5. Qb3 dxc4 6. Qxc4 O-O 7. e4 Bg4 8.
Be3 Nfd7 9. Rd1 Nb6 10. Qb3 e5 11. dxe5 Qe7 12. Bg5 Qc5 13. Nd5 Bxf3 14. gxf3
Nc6 15. Be3 Qa5+ 16. Bd2 Qc5 17. Rc1 Qd4 18. Bc3 Qc5 19. f4 Nd4 20. Qb4 1-0

[Event "GBR-ch106 Senior Over 50"]
[Site "Torquay"]
[Date "2019.08.03"]
[Round "6.5"]
[White "Hansen, Hans-Peter"]
[Black "Kirby, Peter J"]
[Result "1/2-1/2"]
[WhiteElo "2170"]
[BlackElo "1988"]
[PlyCount "33"]
[EventDate "2019.07.29"]
[EventType "swiss"]
[EventRounds "7"]
[EventCountry "GBR"]

1. c4 Nf6 2. Nc3 g6 3. g3 Bg7 4. Bg2 O-O 5. e4 c5 6. Nge2 Nc6 7. d3 Ne8 8. Be3
Nd4 9. O-O Nc7 10. Rb1 Nce6 11. a3 d6 12. b4 Rb8 13. h3 Bd7 14. f4 a6 15. Qd2
b5 16. Rfc1 Nxe2+ 17. Nxe2 1/2-1/2

[Event "GBR-ch106 Senior Over 50"]
[Site "Torquay"]
[Date "2019.08.03"]
[Round "6.6"]
[White "Mason, Donald J"]
[Black "Dilleigh, Stephen P"]
[Result "1/2-1/2"]
[WhiteElo "2079"]
[BlackElo "2000"]
[PlyCount "23"]
[EventDate "2019.07.29"]
[EventType "swiss"]
[EventRounds "7"]
[EventCountry "GBR"]

1. e4 e6 2. d4 d5 3. e5 c5 4. c3 Qb6 5. Nf3 Nc6 6. Be2 cxd4 7. cxd4 Nge7 8. b3
Nf5 9. Bb2 Bb4+ 10. Kf1 Be7 11. h4 h5 12. Nc3 1/2-1/2

[Event "GBR-ch106 Senior Over 50"]
[Site "Torquay"]
[Date "2019.08.03"]
[Round "6.7"]
[White "Wilson, Edgar"]
[Black "Freeman, Richard CP"]
[Result "0-1"]
[WhiteElo "1755"]
[BlackElo "2005"]
[PlyCount "132"]
[EventDate "2019.07.29"]
[EventType "swiss"]
[EventRounds "7"]
[EventCountry "GBR"]

1. e4 c5 2. Nf3 g6 3. c4 Bg7 4. d4 cxd4 5. Nxd4 Nc6 6. Nc2 Nf6 7. Nc3 O-O 8.
Be2 b6 9. O-O Bb7 10. Rb1 Rc8 11. b3 d6 12. Bb2 Ne5 13. f4 Ned7 14. Bf3 Nc5 15.
Qe2 Nfd7 16. Rbd1 Qc7 17. Nb5 Qb8 18. Bxg7 Kxg7 19. b4 Na4 20. e5 a6 21. exd6
e6 22. Nc7 Nc3 23. Qd3 Nxd1 24. Rxd1 Bxf3 25. Qxf3 Rxc7 26. dxc7 Qxc7 27. Qd3
Nb8 28. Qd4+ f6 29. Qe4 Re8 30. Nd4 Kf7 31. Rc1 Qd7 32. c5 e5 33. Nf3 bxc5 34.
Qc4+ Kg7 35. fxe5 fxe5 36. Qxc5 e4 37. Nd4 e3 38. Qc3 Kg8 39. Re1 Qe7 40. h3
Qe5 41. Qc4+ Kg7 42. Nf3 Qe7 43. a3 Qf6 44. Qd4 Nc6 45. Qxf6+ Kxf6 46. Kf1 Kf5
47. Rc1 Nd8 48. Rc8 Kf4 49. Ke2 Kg3 50. Ne1 g5 51. Rc3 Kf4 52. Rc8 Kg3 53. Ra8
h5 54. a4 Kf4 55. Rxa6 Ne6 56. Rd6 Ng7 57. Rf6+ Nf5 58. Nd3+ Ke4 59. Nc5+ Ke5
60. Rg6 Kf4 61. Nd3+ Ke4 62. Nc5+ Kf4 63. a5 Nd4+ 64. Ke1 e2 65. Nd3+ Ke3 66.
Rxg5 Nc2# 0-1

[Event "GBR-ch106 Senior Over 50"]
[Site "Torquay"]
[Date "2019.08.03"]
[Round "6.8"]
[White "Wheeler, James M"]
[Black "Headlong, Timothy"]
[Result "1/2-1/2"]
[WhiteElo "1870"]
[BlackElo "2109"]
[PlyCount "38"]
[EventDate "2019.07.29"]
[EventType "swiss"]
[EventRounds "7"]
[EventCountry "GBR"]

1. d4 d5 2. Nc3 Nf6 3. Bg5 Nbd7 4. Nf3 c6 5. e3 Qa5 6. Bd3 e6 7. O-O Bb4 8. Ne2
Bd6 9. Bf4 Bxf4 10. Nxf4 Qc7 11. c3 e5 12. Nxe5 Nxe5 13. dxe5 Qxe5 14. Bc2 Bf5
15. Rc1 Bxc2 16. Rxc2 O-O 17. Qd4 Rfe8 18. Qxe5 Rxe5 19. Rd1 Rae8 1/2-1/2

[Event "GBR-ch106 Senior Over 50"]
[Site "Torquay"]
[Date "2019.08.03"]
[Round "6.9"]
[White "Simons, Martin J"]
[Black "Jackson, Sheila"]
[Result "1/2-1/2"]
[WhiteElo "1950"]
[BlackElo "2063"]
[PlyCount "39"]
[EventDate "2019.07.29"]
[EventType "swiss"]
[EventRounds "7"]
[EventCountry "GBR"]

1. d4 Nf6 2. Nc3 d5 3. Bf4 g6 4. e3 Bg7 5. h4 h5 6. Be2 c6 7. Nf3 Bg4 8. Ne5
Bxe2 9. Qxe2 Nbd7 10. f3 e6 11. O-O-O Qe7 12. e4 dxe4 13. fxe4 Nxe5 14. Bxe5
O-O-O 15. Qc4 Ne8 16. Bxg7 Nxg7 17. d5 exd5 18. exd5 Qf6 19. dxc6 Qxc6 20.
Qxc6+ 1/2-1/2

[Event "GBR-ch106 Senior Over 50"]
[Site "Torquay"]
[Date "2019.08.03"]
[Round "6.10"]
[White "McMahon, Paul"]
[Black "Brusey, Alan W"]
[Result "0-1"]
[WhiteElo "1931"]
[BlackElo "2054"]
[PlyCount "104"]
[EventDate "2019.07.29"]
[EventType "swiss"]
[EventRounds "7"]
[EventCountry "GBR"]

1. e4 e5 2. Nf3 Nf6 3. Nxe5 d6 4. Nf3 Nxe4 5. Nc3 Nf6 6. d4 d5 7. Bb5+ c6 8.
Bd3 Bd6 9. O-O O-O 10. h3 Re8 11. Bg5 h6 12. Bd2 Ne4 13. Re1 Bf5 14. Ne2 Nxd2
15. Qxd2 Bxd3 16. Qxd3 Nd7 17. Ng3 Bxg3 18. Rxe8+ Qxe8 19. fxg3 Qf8 20. Qf5 Nf6
21. c3 Ne4 22. Qf4 g5 23. Qc7 Qb8 24. Qxb8+ Rxb8 25. g4 f6 26. Rd1 Kf7 27. Nd2
Nd6 28. Re1 b5 29. b4 Ra8 30. Re2 a5 31. Nb3 axb4 32. cxb4 Ra4 33. Na5 Rxb4 34.
Nxc6 Rc4 35. Nd8+ Kg6 36. Ne6 Ne4 37. Rb2 b4 38. Kf1 Kf7 39. Nd8+ Ke7 40. Nb7
Rxd4 41. Ke2 Nc3+ 42. Ke3 Rc4 43. Kd3 Ne4 44. Na5 Nc5+ 45. Kd2 Ne4+ 46. Kd3 Rc5
47. Nb3 Rc3+ 48. Kd4 Ke6 49. Na5 Ra3 50. Nc6 Kd6 51. Nxb4 Nc5 52. Rc2 Ne6# 0-1

[Event "GBR-ch106 Senior Over 50"]
[Site "Torquay"]
[Date "2019.08.03"]
[Round "6.11"]
[White "Smith, Graham"]
[Black "Gibbs, Dominic V"]
[Result "1/2-1/2"]
[WhiteElo "2010"]
[BlackElo "1918"]
[PlyCount "24"]
[EventDate "2019.07.29"]
[EventType "swiss"]
[EventRounds "7"]
[EventCountry "GBR"]

1. b3 c5 2. e4 d6 3. f4 Nc6 4. Nf3 Nf6 5. Nc3 g6 6. Bb2 Bg7 7. Nd5 e6 8. Ne3 b6
9. Bb5 Bd7 10. d3 a6 11. Bxc6 Bxc6 12. O-O O-O 1/2-1/2

[Event "GBR-ch106 Senior Over 50"]
[Site "Torquay"]
[Date "2019.08.03"]
[Round "6.12"]
[White "Spanton, Tim R"]
[Black "Norinkeviciute, Rasa"]
[Result "1/2-1/2"]
[WhiteElo "1900"]
[BlackElo "1996"]
[PlyCount "152"]
[EventDate "2019.07.29"]
[EventType "swiss"]
[EventRounds "7"]
[EventCountry "GBR"]

1. e4 d6 2. Nf3 Nf6 3. Nc3 Nbd7 4. d4 e5 5. Bc4 h6 6. O-O c6 7. a4 Qc7 8. Qe2
Be7 9. d5 c5 10. a5 a6 11. Bd2 g5 12. Rfd1 Nf8 13. Na4 Bg4 14. Nb6 Rb8 15. Bb3
Ng6 16. Ba4+ Kf8 17. h3 Bd7 18. Bxd7 Nxd7 19. Nxd7+ Qxd7 20. Nh2 h5 21. Ra3 Kg7
22. Rg3 f6 23. Nf1 Kf7 24. Ne3 Nf4 25. Qc4 b5 26. axb6 Rxb6 27. Nf5 Rxb2 28.
Bxf4 exf4 29. Rb3 Rxb3 30. Qxb3 Qc7 31. Rb1 Ra8 32. h4 a5 33. Qa4 Ra7 34. Qa1
g4 35. Rb2 a4 36. Ra2 Qa5 37. c3 a3 38. Qc1 Bf8 39. Qxf4 Qxc3 40. Nxd6+ Bxd6
41. Qxd6 Re7 42. Qa6 Qe1+ 43. Kh2 Qxe4 44. d6 Rd7 45. Qxa3 Qe5+ 46. g3 Rxd6 47.
Rc2 Rc6 48. Qd3 Re6 49. Qh7+ Kf8 50. Ra2 c4 51. Ra8+ Re8 52. Qh8+ Kf7 53. Rxe8
Qxe8 54. Qxh5+ Kf8 55. Qc5+ Kg7 56. Qxc4 Qd7 57. Qe4 f5 58. Qf4 Qd3 59. Qg5+
Kh8 60. h5 Qf3 61. Qd8+ Kg7 62. Qb6 Kh7 63. Qg6+ Kh8 64. Qh6+ Kg8 65. Qd2 Kh7
66. Kg1 Kg7 67. Qe3 Qxe3 68. fxe3 Kh6 69. Kf2 Kxh5 70. e4 fxe4 71. Ke3 Kg5 72.
Kxe4 Kg6 73. Kf4 Kf6 74. Kxg4 Kg6 75. Kf4 Kf6 76. g4 Kg6 1/2-1/2

[Event "GBR-ch106 Senior Over 50"]
[Site "Torquay"]
[Date "2019.08.03"]
[Round "6.13"]
[White "Lowe, Chris"]
[Black "Gostelow, David W"]
[Result "1-0"]
[WhiteElo "2027"]
[BlackElo "1906"]
[PlyCount "71"]
[EventDate "2019.07.29"]
[EventType "swiss"]
[EventRounds "7"]
[EventCountry "GBR"]

1. e4 c5 2. Nf3 Nc6 3. c3 Nf6 4. e5 Nd5 5. d4 cxd4 6. Bc4 e6 7. cxd4 d6 8. Qe2
Be7 9. O-O Nb6 10. Bb3 Bd7 11. exd6 Bxd6 12. d5 Nb4 13. dxe6 Bxe6 14. Bxe6 fxe6
15. a3 N4d5 16. Qxe6+ Qe7 17. Qf5 g6 18. Qg4 O-O 19. Bg5 Nf6 20. Qh4 Rac8 21.
Nbd2 Nbd5 22. Rad1 Qc7 23. Nd4 Qd7 24. Ne4 Be7 25. Nf3 Qf5 26. Ng3 Qc2 27. Rxd5
Nxd5 28. Bxe7 Nxe7 29. Qxe7 Qxb2 30. Ng5 Qh8 31. Qe6+ Kg7 32. Rd1 Rc6 33. Rd7+
Kh6 34. Qe3 Qa1+ 35. Nf1 Rh8 36. Ne4+ 1-0

[Event "GBR-ch106 Senior Over 50"]
[Site "Torquay"]
[Date "2019.08.03"]
[Round "6.14"]
[White "Goater, Kevin P"]
[Black "Kennedy, Craig"]
[Result "1-0"]
[WhiteElo "2089"]
[BlackElo "1883"]
[PlyCount "91"]
[EventDate "2019.07.29"]
[EventType "swiss"]
[EventRounds "7"]
[EventCountry "GBR"]

1. d4 e6 2. Nc3 d5 3. Bf4 a6 4. Nf3 c5 5. dxc5 Bxc5 6. e3 Nc6 7. a3 Nf6 8. Ne5
Nxe5 9. Bxe5 Bd6 10. Bg3 Bxg3 11. hxg3 e5 12. Qd2 Be6 13. Bd3 Rc8 14. Rh4 Qa5
15. Rd1 Qc5 16. Rc1 Rd8 17. Na4 Qc6 18. Qb4 d4 19. e4 g5 20. Rh6 Nxe4 21. f3
Nd6 22. Nc5 a5 23. Qxa5 b6 24. Qa4 Qxa4 25. Nxa4 b5 26. Nc5 Bc4 27. Ne4 Nxe4
28. Bxe4 Ke7 29. Kf2 Rc8 30. g4 Rc7 31. Rch1 Rd8 32. Rxh7 d3 33. cxd3 Bxd3 34.
Bxd3 Rxd3 35. Rxf7+ Kxf7 36. Rh7+ Ke6 37. Rxc7 Rd2+ 38. Ke3 Rxb2 39. Rb7 Kd5
40. Rd7+ Ke6 41. Rg7 Kf6 42. Rb7 Rb3+ 43. Ke4 Rxa3 44. Rb6+ Kf7 45. Rxb5 Ra2
46. Rxe5 1-0

[Event "GBR-ch106 Senior Over 50"]
[Site "Torquay"]
[Date "2019.08.03"]
[Round "6.15"]
[White "Clancy, Martin J"]
[Black "Homer, Stephen J"]
[Result "0-1"]
[WhiteElo "1802"]
[BlackElo "2017"]
[PlyCount "90"]
[EventDate "2019.07.29"]
[EventType "swiss"]
[EventRounds "7"]
[EventCountry "GBR"]

1. e4 c5 2. Nf3 d6 3. d4 cxd4 4. Nxd4 Nf6 5. Nc3 a6 6. g3 e5 7. Nb3 Be7 8. Bg2
O-O 9. O-O Bg4 10. Qd3 Nc6 11. a3 Na5 12. Nd2 Rc8 13. Re1 Qc7 14. Nf1 Be6 15.
Ne3 Nc4 16. Ned5 Bxd5 17. Nxd5 Nxd5 18. Qxd5 Nb6 19. Qa5 g6 20. b3 Qc3 21. Bd2
Qc6 22. Bh6 Rfe8 23. c4 Bd8 24. Qd2 Nd7 25. Rad1 Bc7 26. Bh3 Rb8 27. Bg2 Nc5
28. b4 Ne6 29. Qd5 Qxd5 30. cxd5 Nd4 31. Rc1 Bb6 32. Be3 Rbc8 33. Bxd4 exd4 34.
Kf1 Rc3 35. Rxc3 dxc3 36. Rc1 Bd4 37. Ke2 f5 38. Kd3 Bg7 39. exf5 gxf5 40. Rc2
Re1 41. a4 Rb1 42. Bh3 Rxb4 43. Bxf5 Rd4+ 44. Ke3 Rxa4 45. h4 b5 0-1

[Event "GBR-ch106 Senior Over 50"]
[Site "Torquay"]
[Date "2019.08.03"]
[Round "6.16"]
[White "Nunn, Petra"]
[Black "Fallowfield, Nicholas"]
[Result "1-0"]
[WhiteElo "1998"]
[BlackElo "1872"]
[PlyCount "163"]
[EventDate "2019.07.29"]
[EventType "swiss"]
[EventRounds "7"]
[EventCountry "GBR"]

1. e4 Nf6 2. e5 Nd5 3. d4 Nb6 4. c4 d6 5. f4 dxe5 6. fxe5 Bf5 7. Nc3 e6 8. Be3
Bb4 9. Rc1 c5 10. Nf3 cxd4 11. Nxd4 Qh4+ 12. g3 Qe4 13. Qf3 Qxf3 14. Nxf3 Nc6
15. Bxb6 axb6 16. a3 Bxc3+ 17. Rxc3 Be4 18. Rg1 Bxf3 19. Rxf3 Nxe5 20. Rb3
O-O-O 21. Be2 Kc7 22. Rf1 f6 23. Re3 Rd4 24. b3 Ra8 25. a4 Rad8 26. Rf4 R8d6
27. Rf1 Rd2 28. g4 h6 29. h4 Rb2 30. g5 Rb1+ 31. Kf2 Rxf1+ 32. Kxf1 Rd4 33.
gxf6 gxf6 34. h5 Rf4+ 35. Kg2 Rf5 36. Kg3 Kd6 37. Kh4 Rg5 38. Bf1 f5 39. b4
Rg4+ 40. Kh3 Nc6 41. c5+ bxc5 42. bxc5+ Kd5 43. Bg2+ Kxc5 44. Rxe6 Nd4 45. Rxh6
Ne2 46. Bxb7 Nf4+ 47. Kh2 Rh4+ 48. Kg3 Rxh5 49. Rc6+ Kb4 50. Kxf4 Kxa4 51. Rb6
Ka5 52. Rb2 Rh4+ 53. Kxf5 Rb4 54. Ra2+ Kb6 55. Be4 Kc5 56. Ke5 Rb8 57. Rc2+ Kb6
58. Bf5 Re8+ 59. Kd6 Re3 60. Rb2+ Ka5 61. Be6 Rc3 62. Kd5 Ka6 63. Kd4 Rc1 64.
Bc4+ Ka7 65. Kd5 Rc3 66. Rb4 Rh3 67. Kc5 Rh5+ 68. Bd5 Rg5 69. Ra4+ Kb8 70. Ra8+
Kc7 71. Ra7+ Kb8 72. Rh7 Rg1 73. Bc6 Rc1+ 74. Kb6 Rb1+ 75. Bb5 Rc1 76. Rb7+ Kc8
77. Ra7 Kb8 78. Re7 Rc2 79. Re3 Rc1 80. Re2 Rc3 81. Ba4 Rc4 82. Bc6 1-0

[Event "GBR-ch106 Senior Over 50"]
[Site "Torquay"]
[Date "2019.08.03"]
[Round "6.17"]
[White "Mashayekh, Majid"]
[Black "Webster, Richard J"]
[Result "1/2-1/2"]
[WhiteElo "1909"]
[BlackElo "1967"]
[PlyCount "41"]
[EventDate "2019.07.29"]
[EventType "swiss"]
[EventRounds "7"]
[EventCountry "GBR"]

1. Nf3 d5 2. b3 Bf5 3. Bb2 h6 4. g3 e6 5. Bg2 Nf6 6. d3 Be7 7. O-O O-O 8. Nbd2
Bh7 9. Ne5 Nbd7 10. Ndf3 c6 11. c4 Nxe5 12. Nxe5 Nd7 13. Qd2 a5 14. Nxd7 Qxd7
15. Bc3 a4 16. cxd5 cxd5 17. bxa4 Rxa4 18. Rfb1 Rc8 19. Rc1 Ra6 20. Bb2 Rac6
21. Rxc6 1/2-1/2

[Event "GBR-ch106 Senior Over 50"]
[Site "Torquay"]
[Date "2019.08.03"]
[Round "6.18"]
[White "Clark, Ian C"]
[Black "Kenning, Paul H"]
[Result "1/2-1/2"]
[WhiteElo "1965"]
[BlackElo "1867"]
[PlyCount "46"]
[EventDate "2019.07.29"]
[EventType "swiss"]
[EventRounds "7"]
[EventCountry "GBR"]

1. e4 d6 2. d4 Nf6 3. Nc3 Nbd7 4. Nf3 e5 5. dxe5 dxe5 6. a3 c6 7. Bc4 Be7 8.
O-O h6 9. Qe2 Qc7 10. h3 a5 11. a4 Nf8 12. Be3 Be6 13. Rfd1 Bxc4 14. Qxc4 Ne6
15. Nh4 O-O 16. Nf5 Rfe8 17. Rd3 Rad8 18. Rad1 Rxd3 19. Rxd3 Nh5 20. g3 Bf8 21.
Kg2 Nf6 22. Rd1 Rd8 23. Rd3 Rxd3 1/2-1/2

[Event "GBR-ch106 Senior Over 50"]
[Site "Torquay"]
[Date "2019.08.03"]
[Round "6.19"]
[White "McCarron, Peter DJ"]
[Black "Gibbs, Daniel C"]
[Result "0-1"]
[WhiteElo "1720"]
[BlackElo "1812"]
[PlyCount "74"]
[EventDate "2019.07.29"]
[EventType "swiss"]
[EventRounds "7"]
[EventCountry "GBR"]

1. d4 d6 2. Nf3 Nf6 3. c4 Nbd7 4. Nc3 e5 5. e3 Be7 6. g3 O-O 7. Bg2 c6 8. O-O
a6 9. a4 a5 10. b3 Qc7 11. Qc2 Re8 12. Bb2 Bf8 13. dxe5 dxe5 14. Rfd1 g6 15.
Rac1 Nc5 16. Nd2 Bf5 17. e4 Be6 18. Ba3 Rad8 19. Nf1 Qb6 20. Bxc5 Bxc5 21. Nd5
cxd5 22. cxd5 Bg4 23. Rd3 Ba3 24. Qc7 Qxc7 25. Rxc7 Be2 26. Rdc3 Ba6 27. Rf3
Bd6 28. Rxf6 Bxc7 29. Rxa6 bxa6 30. Ne3 Rb8 31. Bf1 Rxb3 32. Bxa6 Rxe3 33. fxe3
Rd8 34. Kf1 Kf8 35. Ke2 Ke7 36. Bb5 Bd6 37. Kd3 Bb4 0-1

[Event "GBR-ch106 Senior Over 50"]
[Site "Torquay"]
[Date "2019.08.03"]
[Round "6.20"]
[White "Ferrie, Peter L"]
[Black "Shaw, Meyrick"]
[Result "0-1"]
[WhiteElo "1346"]
[BlackElo "1869"]
[PlyCount "66"]
[EventDate "2019.07.29"]
[EventType "swiss"]
[EventRounds "7"]
[EventCountry "GBR"]

1. e4 e5 2. f4 d5 3. exd5 exf4 4. d4 Qh4+ 5. g3 fxg3 6. Nf3 Qe4+ 7. Qe2 Qxe2+
8. Kxe2 gxh2 9. Bf4 Bd6 10. Bxd6 cxd6 11. Nbd2 Nf6 12. c4 Bf5 13. Nxh2 Nbd7 14.
Bg2 O-O 15. Bf3 Rfe8+ 16. Kf2 Rac8 17. b4 Nb6 18. Rhc1 Bd3 19. Ng4 Nxg4+ 20.
Bxg4 f5 21. Bf3 Nxc4 22. Nb3 Nb6 23. Nd2 g6 24. Re1 Kf7 25. Re6 Rc2 26. Ke3 Bc4
27. Nxc4 Rxc4 28. a3 Rc3+ 29. Kf2 Rxe6 30. dxe6+ Kxe6 31. Bxb7 Rd3 32. Re1+ Kf6
33. Bc8 Nxc8 0-1

[Event "GBR-ch106 Senior Over 50"]
[Site "Torquay"]
[Date "2019.08.04"]
[Round "7.2"]
[White "Josse, Mark"]
[Black "Brooks, Phil J"]
[Result "1-0"]
[WhiteElo "2209"]
[BlackElo "2193"]
[PlyCount "111"]
[EventDate "2019.07.29"]
[EventType "swiss"]
[EventRounds "7"]
[EventCountry "GBR"]

1. e4 e6 2. d4 d5 3. Nd2 Nf6 4. e5 Nfd7 5. Bd3 c5 6. c3 Nc6 7. Ngf3 g6 8. h4 h6
9. a3 Qb6 10. Qa4 Be7 11. Nf1 cxd4 12. cxd4 Qa5+ 13. Qxa5 Nxa5 14. Bd2 Nb3 15.
Rd1 Nxd2 16. Kxd2 Nb6 17. Rc1 Bd7 18. Ne3 Kd8 19. h5 g5 20. Ng4 Rc8 21. Rxc8+
Kxc8 22. Nf6 Bc6 23. Nh2 a6 24. Nhg4 Kd8 25. f3 Bb5 26. Bc2 a5 27. Ra1 Bf8 28.
a4 Bb4+ 29. Ke3 Nc4+ 30. Kf2 Ba6 31. Rb1 Ke7 32. Bh7 Rc8 33. Rc1 Rc6 34. Rc2
Nb6 35. b3 Nc8 36. Nxh6 Na7 37. Nhg4 Rxc2+ 38. Bxc2 Nc6 39. h6 Kf8 40. h7 Kg7
41. Nh6 Nd8 42. Ne8+ Kh8 43. g3 Bf8 44. Ng4 Nc6 45. Nd6 Nd8 46. Nf6 Be7 47. g4
Bf8 48. f4 gxf4 49. g5 Be7 50. Kf3 Bf1 51. Kxf4 Bh3 52. Nfe8 Bf1 53. Nxf7+ Nxf7
54. g6 Bf8 55. gxf7 Bh3 56. Nf6 1-0

[Event "GBR-ch106 Senior Over 50"]
[Site "Torquay"]
[Date "2019.08.04"]
[Round "7.3"]
[White "Granat, Russell G"]
[Black "Townsend, M Paul"]
[Result "1/2-1/2"]
[WhiteElo "2219"]
[BlackElo "2233"]
[PlyCount "86"]
[EventDate "2019.07.29"]
[EventType "swiss"]
[EventRounds "7"]
[EventCountry "GBR"]

1. e4 e6 2. d4 d5 3. exd5 exd5 4. c4 Nf6 5. Nc3 Bb4 6. Nf3 O-O 7. Be2 dxc4 8.
Bxc4 Nc6 9. O-O Bg4 10. Be3 Qd6 11. a3 Ba5 12. Be2 Rad8 13. h3 Bh5 14. Na4 Nd5
15. Nc5 Nxe3 16. fxe3 Qh6 17. Nxb7 Qxe3+ 18. Kh1 Nxd4 19. Nxd4 Rxd4 20. Bxh5
Rxd1 21. Raxd1 Qg5 22. Bf3 Bd2 23. g3 Be3 24. Kh2 Qb5 25. b4 g6 26. Bg2 Kg7 27.
Nd8 h5 28. Rd5 Qa4 29. b5 Bg5 30. Nxf7 Rxf7 31. Rxf7+ Kxf7 32. Rxg5 Qxa3 33. h4
a5 34. bxa6 Qxa6 35. Rc5 Qd6 36. Rc6 Qe5 37. Kh3 Ke7 38. Kh2 g5 39. Rc4 Kd6 40.
hxg5 Qxg5 41. Rh4 Qf5 42. Rd4+ Kc5 43. Rf4 Qc2 1/2-1/2

[Event "GBR-ch106 Senior Over 50"]
[Site "Torquay"]
[Date "2019.08.04"]
[Round "7.4"]
[White "Freeman, Richard CP"]
[Black "Brusey, Alan W"]
[Result "1-0"]
[WhiteElo "2005"]
[BlackElo "2054"]
[PlyCount "77"]
[EventDate "2019.07.29"]
[EventType "swiss"]
[EventRounds "7"]
[EventCountry "GBR"]

1. d4 d5 2. Bf4 Nc6 3. e3 f6 4. c4 e5 5. dxe5 d4 6. exd4 Qxd4 7. Qxd4 Nxd4 8.
Bd3 Bg4 9. f3 Bh5 10. Nc3 O-O-O 11. O-O-O g5 12. Be3 fxe5 13. Bxg5 Be7 14. Bxe7
Nxe7 15. Nge2 c5 16. Ng3 Bg6 17. Rhe1 Nec6 18. Nd5 Nb4 19. Nxb4 cxb4 20. Rxe5
Bxd3 21. Rxd3 Ne2+ 22. Kd2 Rxd3+ 23. Kxd3 Nf4+ 24. Ke4 Nxg2 25. f4 Rd8 26. Rc5+
Kb8 27. Rd5 Rc8 28. b3 b6 29. f5 a5 30. f6 Kc7 31. Nf5 Rf8 32. Rd2 Ne1 33. Ng7
Kc6 34. Rf2 Kd6 35. Kf5 Rf7 36. Rd2+ Kc6 37. Ke6 Nf3 38. Kxf7 Nxd2 39. Kg8 1-0

[Event "GBR-ch106 Senior Over 50"]
[Site "Torquay"]
[Date "2019.08.04"]
[Round "7.5"]
[White "Dilleigh, Stephen P"]
[Black "Willmoth, Robert F"]
[Result "1/2-1/2"]
[WhiteElo "2000"]
[BlackElo "2138"]
[PlyCount "42"]
[EventDate "2019.07.29"]
[EventType "swiss"]
[EventRounds "7"]
[EventCountry "GBR"]

1. Nf3 d6 2. d4 Bg4 3. c4 Nd7 4. Nc3 g6 5. Ng1 Ndf6 6. h3 Bd7 7. e4 c5 8. d5 e5
9. Bd3 Bg7 10. Nge2 h6 11. Be3 g5 12. Ng3 Ne7 13. Qc2 Ng6 14. Nf5 Bxf5 15. exf5
Ne7 16. g4 a6 17. a4 b6 18. f3 Rb8 19. Kf2 Neg8 20. Kg2 Kf8 21. Rhb1 a5 1/2-1/2

[Event "GBR-ch106 Senior Over 50"]
[Site "Torquay"]
[Date "2019.08.04"]
[Round "7.6"]
[White "Kirby, Peter J"]
[Black "Wheeler, James M"]
[Result "1/2-1/2"]
[WhiteElo "1988"]
[BlackElo "1870"]
[PlyCount "38"]
[EventDate "2019.07.29"]
[EventType "swiss"]
[EventRounds "7"]
[EventCountry "GBR"]

1. Nf3 d6 2. d4 Nf6 3. c4 Nbd7 4. Nc3 e5 5. e3 c6 6. Be2 Be7 7. O-O O-O 8. e4
a5 9. h3 Re8 10. d5 cxd5 11. cxd5 Nc5 12. Bd3 Bd7 13. Be3 Rc8 14. Nh2 Bf8 15.
Qe2 g6 16. Bg5 Be7 17. Bxf6 Bxf6 18. Bb5 Rf8 19. Nf3 Bg7 1/2-1/2

[Event "GBR-ch106 Senior Over 50"]
[Site "Torquay"]
[Date "2019.08.04"]
[Round "7.7"]
[White "Headlong, Timothy"]
[Black "Spanton, Tim R"]
[Result "1/2-1/2"]
[WhiteElo "2109"]
[BlackElo "1900"]
[PlyCount "43"]
[EventDate "2019.07.29"]
[EventType "swiss"]
[EventRounds "7"]
[EventCountry "GBR"]

1. c4 e5 2. g3 Nc6 3. Bg2 g6 4. Nc3 Bg7 5. d3 d6 6. e3 Nge7 7. Nge2 O-O 8. O-O
Be6 9. Nd5 Qd7 10. Rb1 Nd8 11. b4 Nxd5 12. cxd5 Bh3 13. Qb3 Bxg2 14. Kxg2 c6
15. Nc3 cxd5 16. Nxd5 Ne6 17. f4 exf4 18. gxf4 Nc7 19. Nxc7 Qxc7 20. Bd2 Qd7
21. h3 Rac8 22. Rbc1 1/2-1/2

[Event "GBR-ch106 Senior Over 50"]
[Site "Torquay"]
[Date "2019.08.04"]
[Round "7.8"]
[White "Wells, Jonathan C"]
[Black "Goater, Kevin P"]
[Result "1/2-1/2"]
[WhiteElo "2004"]
[BlackElo "2089"]
[PlyCount "36"]
[EventDate "2019.07.29"]
[EventType "swiss"]
[EventRounds "7"]
[EventCountry "GBR"]

1. d4 g6 2. g3 Bg7 3. Bg2 c5 4. d5 d6 5. e4 Nf6 6. Ne2 O-O 7. c4 Na6 8. Nbc3
Nc7 9. O-O a6 10. a4 Rb8 11. a5 b6 12. axb6 Rxb6 13. Qc2 Bd7 14. Bd2 Qb8 15.
Rab1 Nfe8 16. b3 f5 17. f3 Nf6 18. h3 Qc8 1/2-1/2

[Event "GBR-ch106 Senior Over 50"]
[Site "Torquay"]
[Date "2019.08.04"]
[Round "7.9"]
[White "Jackson, Sheila"]
[Black "Wilson, Edgar"]
[Result "1-0"]
[WhiteElo "2063"]
[BlackElo "1755"]
[PlyCount "57"]
[EventDate "2019.07.29"]
[EventType "swiss"]
[EventRounds "7"]
[EventCountry "GBR"]

1. e4 e6 2. d4 d5 3. Nd2 Nf6 4. e5 Nfd7 5. Bd3 c5 6. c3 Nc6 7. Ne2 cxd4 8. cxd4
f6 9. exf6 Nxf6 10. Nf3 Bd6 11. O-O O-O 12. Bf4 Bxf4 13. Nxf4 Qd6 14. g3 Ne4
15. Re1 Rxf4 16. gxf4 Qxf4 17. Bxe4 dxe4 18. Ne5 Nxe5 19. dxe5 b6 20. Qd8+ Kf7
21. Re3 Qxe5 22. Rc1 Qd5 23. Rc7+ Kg6 24. Qe8+ Kh6 25. Rxc8 Rxc8 26. Qxc8 Qxa2
27. Qf8 Kg6 28. Rg3+ Kh5 29. Qxg7 1-0